Análisis de conflictos socio-ambientales relacionados con el aprovechamiento y la contaminación de los recursos hídricos en Guanacaste (1997-2006) /
Saved in:
| Main Author: | |
|---|---|
| Format: | Thesis |
| Published: |
San josé :
Universidad de Costa Rica,
|
| Tags: |
Add Tag
No Tags, Be the first to tag this record!
|
MARC
| LEADER | 00000 a a2200000 04500 | ||
|---|---|---|---|
| 001 | 38209 | ||
| 003 | cru CIDCACS/IIS | ||
| 005 | 20200925160846.0 | ||
| 008 | 160919b2008 cr bda| |||| 00| 0 spa d | ||
| 040 | |a CRAI/IIS |c CRAI/IIS | ||
| 090 | |a 16.02.02 R173a | ||
| 100 | |a Ramírez Cover, Alonso | ||
| 245 | |a Análisis de conflictos socio-ambientales relacionados con el aprovechamiento y la contaminación de los recursos hídricos en Guanacaste (1997-2006) / |c Alonso Ramírez Cover | ||
| 260 | |a San josé : |b Universidad de Costa Rica, | ||
| 300 | |a 341 páginas | ||
| 502 | |a Tesis (Tesis sometida a consideración del Tribunal Examinador para optar por el grado de Licenciatura en ciencias políticas) -- Universidad de Costa Rica, 2008 | ||
| 942 | |2 ddc |c TE | ||
| 999 | |c 17927 |d 17927 | ||
